[Event "Championnat de France - Open B"]
[Site "Pau"]
[Date "2008.08.12"]
[Round "1.2"]
[White "Borrat, Julien"]
[Black "Gambini, Stephane"]
[Result "1/2-1/2"]
[WhiteElo "1873"]
[BlackElo "1999"]
[PlyCount "25"]

1. d4 Nf6 2. Nc3 c5 3. d5 d6 4. e4 g6 5. Be2 Bg7 6. Be3 a6 7. a4 Qb6 8. Qd2
Qxb2 9. Rb1 Qa3 10. Rb3 Qa1+ 11. Rb1 Qa3 12. Rb3 Qa1+ 13. Rb1 1/2-1/2

[Event "Championnat de France - Open B"]
[Site "Pau"]
[Date "2008.08.12"]
[Round "1.3"]
[White "Lao, Lenath"]
[Black "Guyon, Cyndie"]
[Result "0-1"]
[WhiteElo "1997"]
[BlackElo "1873"]
[PlyCount "64"]

1. c4 e6 2. Nf3 Nf6 3. g3 d5 4. Bg2 dxc4 5. Qa4+ Nbd7 6. O-O a6 7. Qxc4 b5 8.
Qc2 Bb7 9. d3 c5 10. b3 Be7 11. Bb2 O-O 12. Nbd2 Rc8 13. Qd1 Qb6 14. Rc1 Rfd8
15. Rc2 Nd5 16. a3 Bf6 17. Qa1 Bxb2 18. Qxb2 N7f6 19. Rfc1 Ng4 20. Ne4 Ndf6 21.
Nxf6+ Nxf6 22. d4 cxd4 23. Rxc8 Rxc8 24. Rxc8+ Bxc8 25. Qxd4 Qc7 26. b4 Bb7 27.
Ne5 Bxg2 28. Kxg2 h6 29. f3 Nd5 30. Nd3 Qc2 31. Qf2 Qa2 32. Nc5 Qxa3 0-1

[Event "Championnat de France - Open B"]
[Site "Pau"]
[Date "2008.08.12"]
[Round "1.4"]
[White "Ollier, Milan"]
[Black "Pokee, Anne"]
[Result "1/2-1/2"]
[WhiteElo "1873"]
[BlackElo "1996"]
[PlyCount "138"]

1. e4 e5 2. Nc3 Nf6 3. Bc4 Bc5 4. d3 h6 5. a3 d6 6. Na4 Bb6 7. Nxb6 axb6 8. Ne2
O-O 9. O-O Nc6 10. f3 Be6 11. Be3 Qe7 12. Qe1 d5 13. exd5 Bxd5 14. Qc3 Qe6 15.
Ng3 Na5 16. b3 Qe8 17. a4 Bc6 18. Rfe1 Nxc4 19. dxc4 Nd7 20. Bf4 f6 21. Bc1 Qg6
22. Ba3 Rfe8 23. Rad1 Nc5 24. Bxc5 bxc5 25. Rd2 Rad8 26. Rxd8 Rxd8 27. Ne4 b6
28. a5 Ra8 29. axb6 cxb6 30. Qd2 Bxe4 31. fxe4 Qf7 32. Qd5 Qxd5 33. cxd5 Kf7
34. c4 Ke7 35. Re3 Ra2 36. h4 Kf7 37. Kh2 g5 38. h5 Rf2 39. Kh3 Rf4 40. g4 Ke7
41. Kg3 Rf1 42. Kg2 Ra1 43. Rc3 Ra2+ 44. Kg3 Re2 45. Kf3 Re1 46. Re3 Rg1 47.
Rc3 Kd7 48. Re3 Kc7 49. Rc3 Ra1 50. Kg3 b5 51. Rf3 bxc4 52. bxc4 Ra6 53. Kf2
Kd7 54. Kg3 Ke7 55. Rb3 Ra4 56. Rc3 Ra1 57. Kf2 Ra2+ 58. Kf3 Ra4 59. Kg3 Rb4
60. Kf3 Kd6 61. Kg3 Kc7 62. Rf3 Rb6 63. Kg2 Kb7 64. Kg3 Kc7 65. Kg2 Ra6 66. Kg3
Rb6 67. Kg2 Kd7 68. Kg3 Ke7 69. Ra3 Rb4 1/2-1/2

[Event "Championnat de France - Open B"]
[Site "Pau"]
[Date "2008.08.12"]
[Round "1.5"]
[White "De La Fontaine, Christophe"]
[Black "Boulet, Stephane"]
[Result "1-0"]
[WhiteElo "1995"]
[BlackElo "1872"]
[PlyCount "105"]

1. e4 e5 2. Nf3 Nf6 3. Nc3 Bb4 4. d3 d5 5. Bd2 Nc6 6. Be2 O-O 7. O-O Re8 8. Bg5
Be7 9. Bxf6 gxf6 10. Nxd5 Be6 11. Nxe7+ Qxe7 12. Nh4 Kh8 13. Bg4 Rg8 14. Bf5
Rg7 15. c3 Rd8 16. Qe2 Qd7 17. Rad1 Ne7 18. Bxe6 fxe6 19. f4 Rdg8 20. fxe5 fxe5
21. Qh5 Nc6 22. g3 Rg5 23. Qf7 R5g7 24. Qxd7 Rxd7 25. Kf2 Rf8+ 26. Ke2 Kg7 27.
Nf3 h6 28. Nh4 Rdf7 29. Nf3 Rd8 30. b4 b5 31. a4 a6 32. a5 Kf8 33. Nd2 Ke7 34.
Rxf7+ Kxf7 35. Nb3 Rd6 36. Nc5 Nb8 37. Kf3 Kg6 38. g4 Nd7 39. Nxd7 Rxd7 40. Ke3
Kg5 41. Rf1 Re7 42. h3 Kh4 43. Rf3 h5 44. gxh5 Kxh5 45. Rg3 Rf7 46. Rg8 Kh4 47.
Rg6 Re7 48. Rg4+ Kh5 49. Rg8 Kh4 50. Ra8 Kxh3 51. Rxa6 Kg3 52. Ra8 Rf7 53. Rg8+
1-0

[Event "Championnat de France - Open B"]
[Site "Pau"]
[Date "2008.08.12"]
[Round "1.6"]
[White "Bourogaa, Younes"]
[Black "Chebance, Benoit"]
[Result "1/2-1/2"]
[WhiteElo "1872"]
[BlackElo "1988"]
[PlyCount "61"]

1. d4 d5 2. c4 e6 3. Nc3 Nf6 4. Nf3 c6 5. Bg5 Be7 6. e3 Nbd7 7. Bd3 O-O 8. O-O
h6 9. Bh4 Re8 10. Rb1 b6 11. Qc2 Bb7 12. b4 dxc4 13. Bxc4 Nd5 14. Bxe7 Qxe7 15.
a3 Nxc3 16. Qxc3 Nf6 17. Ne5 Ne4 18. Qc2 Nd6 19. Bd3 Rac8 20. Qe2 c5 21. dxc5
bxc5 22. Ba6 Bxa6 23. Qxa6 cxb4 24. Rxb4 Rc5 25. Nf3 Rec8 26. h3 e5 27. Rd1 Rc1
28. Rb1 Rxb1 29. Rxb1 Rc7 30. Rd1 Nf5 31. Qa5 1/2-1/2

[Event "Championnat de France - Open B"]
[Site "Pau"]
[Date "2008.08.12"]
[Round "1.7"]
[White "Tilquin, Jean-Pierre"]
[Black "Mattes, Marc"]
[Result "1-0"]
[WhiteElo "1983"]
[BlackElo "1872"]
[PlyCount "89"]

1. e4 c5 2. d4 cxd4 3. c3 d5 4. exd5 Qxd5 5. cxd4 Nc6 6. Nf3 Bg4 7. Nc3 Qa5 8.
d5 Ne5 9. Bb5+ Bd7 10. Be2 Nxf3+ 11. Bxf3 Nf6 12. Qb3 Qc7 13. O-O Rb8 14. g3 e5
15. dxe6 Bxe6 16. Qa4+ Nd7 17. Bf4 Qc8 18. Nb5 Be7 19. Rac1 Qd8 20. Nc7+ Kf8
21. Nxe6+ fxe6 22. Bxb8 Nxb8 23. Rfd1 Bd6 24. Rxd6 Qxd6 25. Rc8+ Ke7 26. Rxh8
Nc6 27. Qh4+ Kd7 28. Bxc6+ Kxc6 29. Qe4+ Kb6 30. Re8 Qd1+ 31. Kg2 Qd2 32. Rxe6+
Kc5 33. Qe3+ Qxe3 34. Rxe3 Kd4 35. Kf3 g5 36. Kg4 h6 37. Kh5 b5 38. Kxh6 a5 39.
Kxg5 a4 40. h4 b4 41. h5 Kc4 42. h6 b3 43. a3 Kd4 44. h7 Kc4 45. h8=Q 1-0

[Event "Championnat de France - Open B"]
[Site "Pau"]
[Date "2008.08.12"]
[Round "1.8"]
[White "Roubert, Emile"]
[Black "Lepot, Simon"]
[Result "1/2-1/2"]
[WhiteElo "1871"]
[BlackElo "1982"]
[PlyCount "23"]

1. e4 e5 2. Nf3 Nc6 3. d4 exd4 4. Nxd4 Qh4 5. Nc3 Bb4 6. Qd3 Bxc3+ 7. bxc3 Nf6
8. Nf5 Qg4 9. f3 Qg6 10. Nh4 Qh5 11. Nf5 Qg6 12. Nh4 1/2-1/2

[Event "Championnat de France - Open B"]
[Site "Pau"]
[Date "2008.08.12"]
[Round "1.9"]
[White "Grandadam, Patrick"]
[Black "Boukhris-Ferre, Yacine"]
[Result "1-0"]
[WhiteElo "1980"]
[BlackElo "1870"]
[PlyCount "85"]

1. Nf3 Nf6 2. c4 g6 3. Nc3 Bg7 4. e4 d6 5. d4 O-O 6. Be2 e5 7. O-O Nc6 8. d5
Ne7 9. Ne1 Nd7 10. f3 f5 11. g4 Kh8 12. h4 Ng8 13. g5 h6 14. Kg2 f4 15. Rh1 Rf7
16. Nd3 Bf8 17. Qg1 Rh7 18. Kf1 hxg5 19. hxg5 Be7 20. Nxf4 exf4 21. Rxh7+ Kxh7
22. Bxf4 Nf8 23. Be3 c5 24. dxc6 bxc6 25. f4 Ne6 26. Kg2 Rb8 27. b3 Qa5 28.
Qh2+ Kg7 29. Rh1 Kf8 30. Na4 Bd7 31. Bg4 Qd8 32. Bxe6 Bxe6 33. Bxa7 Rb7 34. Bd4
Bxg5 35. fxg5 Qxg5+ 36. Qg3 Qxg3+ 37. Kxg3 Rf7 38. Bb2 g5 39. Ba3 c5 40. e5
dxe5 41. Nxc5 Bc8 42. Rd1 Kg7 43. Bb2 1-0

[Event "Championnat de France - Open B"]
[Site "Pau"]
[Date "2008.08.12"]
[Round "1.10"]
[White "Pilte, Nicolas"]
[Black "Constantin, Francois"]
[Result "1-0"]
[WhiteElo "1870"]
[BlackElo "1978"]
[PlyCount "23"]

1. e4 Nc6 2. d4 d5 3. exd5 Qxd5 4. Nf3 Bg4 5. Be2 O-O-O 6. Be3 e5 7. Nc3 Bb4 8.
O-O Qa5 9. Nxe5 Bxe2 10. Qxe2 Nxe5 11. dxe5 Qxe5 12. Qg4+ 1-0

[Event "Championnat de France - Open B"]
[Site "Pau"]
[Date "2008.08.13"]
[Round "2.1"]
[White "Aubry, Fabien"]
[Black "De La Fontaine, Christophe"]
[Result "1/2-1/2"]
[WhiteElo "1890"]
[BlackElo "1995"]
[PlyCount "114"]

1. d4 d5 2. c4 e6 3. cxd5 exd5 4. Nc3 Nf6 5. Bg5 Be7 6. Qc2 O-O 7. e3 Nc6 8. a3
Re8 9. Bd3 h6 10. Bh4 Ne4 11. Bxe7 Rxe7 12. Nge2 Nxc3 13. bxc3 Qd6 14. O-O Nd8
15. Ng3 c5 16. Nf5 Bxf5 17. Bxf5 Ne6 18. a4 Rc7 19. Qd2 Re8 20. Rfb1 g6 21. Bd3
c4 22. Bc2 Ng5 23. Rb5 Kg7 24. Rab1 Ree7 25. a5 a6 26. R5b4 Qe6 27. Qe2 Ne4 28.
Bxe4 Qxe4 29. Qf3 Qc2 30. Qxd5 Qxc3 31. g3 Qd3 32. Rxb7 Rxb7 33. Rxb7 Rxb7 34.
Qxb7 c3 35. Kg2 c2 36. Qc7 Qb3 37. Qe5+ Kh7 38. Qc7 Kg7 39. Qe5+ Kf8 40. Qd6+
Ke8 41. Qc6+ Kd8 42. Qd6+ Kc8 43. Qc6+ Kb8 44. Qd6+ Ka8 45. Qxa6+ Kb8 46. Qd6+
Ka7 47. Qc5+ Ka6 48. Qc6+ Kxa5 49. Qc5+ Ka4 50. Qa7+ Kb5 51. Qc5+ Ka6 52. Qc6+
Ka7 53. Qc5+ Kb7 54. Qe7+ Kc6 55. Qe8+ Kd6 56. Qd8+ Kc6 57. Qe8+ Kd6 1/2-1/2

[Event "Championnat de France - Open B"]
[Site "Pau"]
[Date "2008.08.13"]
[Round "2.2"]
[White "Tissot, Fabien"]
[Black "Tilquin, Jean-Pierre"]
[Result "1/2-1/2"]
[WhiteElo "1890"]
[BlackElo "1983"]
[PlyCount "58"]

1. e4 e5 2. Nf3 Nc6 3. d4 exd4 4. Bc4 Bc5 5. c3 Nf6 6. e5 d5 7. Bb5 Ne4 8. cxd4
Bb4+ 9. Nbd2 O-O 10. a3 Be7 11. Qe2 f5 12. exf6 Nxf6 13. O-O Bf5 14. Bxc6 bxc6
15. Ne5 Bd7 16. Re1 Bd6 17. Nxd7 Qxd7 18. Qe6+ Qxe6 19. Rxe6 Rfe8 20. Rxe8+
Rxe8 21. Nf3 Re2 22. Kf1 Rc2 23. Ne1 Rc4 24. Be3 Ng4 25. h3 Nxe3+ 26. fxe3 c5
27. dxc5 Bxc5 28. Rd1 c6 29. Ke2 Kf7 1/2-1/2

[Event "Championnat de France - Open B"]
[Site "Pau"]
[Date "2008.08.13"]
[Round "2.3"]
[White "Bourgois, Bastien"]
[Black "Grandadam, Patrick"]
[Result "1/2-1/2"]
[WhiteElo "1887"]
[BlackElo "1980"]
[PlyCount "113"]

1. d4 d5 2. c4 e6 3. Nc3 c6 4. Nf3 dxc4 5. a4 Bb4 6. e4 b5 7. Bd2 Nf6 8. e5
Bxc3 9. bxc3 Nd5 10. Qc2 Bb7 11. Qb2 Qd7 12. Be2 a6 13. O-O Nb6 14. Rfb1 Ra7
15. Ng5 O-O 16. Qc2 f5 17. Bc1 h6 18. Nf3 Nxa4 19. Bxc4 c5 20. Qb3 Re8 21. Be3
Bc6 22. Be2 c4 23. Qa3 Bd5 24. Bd1 Nb6 25. Ne1 Nc6 26. Nc2 g5 27. f3 Rb8 28.
Nb4 Nxb4 29. Qxb4 Nc8 30. Bc1 Ne7 31. Ba3 Nc6 32. Qd6 a5 33. Qxd7 Rxd7 34. Bc5
Rdb7 35. Bd6 Ra8 36. Ba4 Nxd4 37. cxd4 bxa4 38. Rxb7 Bxb7 39. Rxa4 Bd5 40. Kf2
Kf7 41. Ra3 Ke8 42. g3 Kf7 43. f4 g4 44. Ke2 Ke8 45. Kd2 Kd7 46. Kc3 Kc6 47.
Ra4 Kb5 48. Ra2 h5 49. Rb2+ Kc6 50. Ra2 Ra7 51. Kc2 a4 52. Kc3 h4 53. Ra3 hxg3
54. hxg3 Rh7 55. Kb4 Rh3 56. Be7 Rh7 57. Bh4 1/2-1/2

[Event "Championnat de France - Open B"]
[Site "Pau"]
[Date "2008.08.13"]
[Round "2.4"]
[White "Vandervorst, Marc"]
[Black "Ferrier, David"]
[Result "0-1"]
[WhiteElo "1877"]
[BlackElo "1978"]
[PlyCount "66"]

1. e4 c5 2. c3 Nf6 3. e5 Nd5 4. c4 Nb6 5. b3 Nc6 6. Bb2 d5 7. exd6 Qxd6 8. Nf3
Bg4 9. Be2 O-O-O 10. O-O f6 11. h3 Bh5 12. Nh4 Bxe2 13. Qxe2 Nb4 14. Nf5 Qd7
15. Ne3 e5 16. Bc3 Nc6 17. Na3 Nd4 18. Qd1 h5 19. Nec2 g5 20. Bxd4 cxd4 21. d3
f5 22. Re1 Bg7 23. Nb4 Bf6 24. c5 Nd5 25. Nxd5 Qxd5 26. Nb5 Kb8 27. Nd6 g4 28.
Nxf5 gxh3 29. Re4 Rdg8 30. g3 Rg5 31. Qf3 Rf8 32. Nh4 Be7 33. Rf4 exf4 0-1

[Event "Championnat de France - Open B"]
[Site "Pau"]
[Date "2008.08.13"]
[Round "2.5"]
[White "Houlgate, Anthony"]
[Black "Marks, Edwin"]
[Result "0-1"]
[WhiteElo "1972"]
[BlackElo "1888"]
[PlyCount "82"]

1. e4 e6 2. d4 d5 3. Nc3 Nf6 4. Bg5 dxe4 5. Nxe4 Be7 6. Bxf6 Bxf6 7. Nf3 O-O 8.
c3 b6 9. Bd3 Bb7 10. O-O Nd7 11. Qc2 g6 12. Rad1 Bg7 13. Rfe1 Qe7 14. c4 c5 15.
d5 e5 16. d6 Qd8 17. Neg5 h6 18. Be4 Bxe4 19. Nxe4 f5 20. Nc3 e4 21. Nd2 Ne5
22. f3 exf3 23. Nxf3 Nxf3+ 24. gxf3 Bd4+ 25. Kh1 Qxd6 26. Nb5 Qf4 27. Nxd4 cxd4
28. Qb3 Rfe8 29. c5+ Kg7 30. cxb6 axb6 31. Qd5 Rad8 32. Qb7+ Kh8 33. Qc6 Rxe1+
34. Rxe1 Qd6 35. Qb7 Rd7 36. Qc8+ Kg7 37. Re8 d3 38. Rg8+ Kf6 39. Qe8 Kg5 40.
Qe3+ f4 41. Qg1+ Kf5 0-1

[Event "Championnat de France - Open B"]
[Site "Pau"]
[Date "2008.08.13"]
[Round "2.6"]
[White "Hourlier, Claire"]
[Black "Leroux, Mathieu"]
[Result "0-1"]
[WhiteElo "1875"]
[BlackElo "1970"]
[PlyCount "55"]

1. e4 c5 2. Nc3 Nc6 3. f4 g6 4. Nf3 Bg7 5. Bc4 e6 6. O-O Nge7 7. d3 O-O 8. Kh1
a6 9. a4 d5 10. Bb3 b6 11. Qe1 Bb7 12. Qh4 Nd4 13. f5 Nxb3 14. cxb3 exf5 15.
Bh6 f6 16. Bxg7 Kxg7 17. e5 d4 18. exf6+ Rxf6 19. Ng5 h6 20. Nge4 Re6 21. Ne2
Nd5 22. Qf2 Qe7 23. N4g3 Ne3 24. Nf4 Nxf1 25. Nxe6+ Qxe6 26. Rxf1 Re8 27. Qc2
a5 28. Qc4 0-1

[Event "Championnat de France - Open B"]
[Site "Pau"]
[Date "2008.08.13"]
[Round "2.7"]
[White "Guyon, Cyndie"]
[Black "Barre, Yann"]
[Result "0-1"]
[WhiteElo "1873"]
[BlackElo "1963"]
[PlyCount "78"]

1. d4 Nf6 2. Bg5 Ne4 3. Bh4 g5 4. f3 gxh4 5. fxe4 c5 6. e3 Bh6 7. d5 Qb6 8. Nd2
Qxb2 9. Rb1 Qg7 10. Nc4 b5 11. Nd2 a6 12. Ngf3 d6 13. Nxh4 Bxe3 14. Qe2 Bxd2+
15. Qxd2 Qg4 16. Nf3 Qxe4+ 17. Be2 Bb7 18. Ng5 Qxd5 19. Qf4 h6 20. Bf3 Qxg5 21.
Qxg5 hxg5 22. Bxb7 Ra7 23. Be4 Nd7 24. a4 e6 25. Bc6 b4 26. c3 Rc7 27. Bf3 Ne5
28. Be2 a5 29. O-O f5 30. Rbd1 Ke7 31. Bb5 Rb7 32. Rfe1 Rxb5 33. axb5 Rb8 34.
cxb4 axb4 35. Ra1 Rxb5 36. Ra7+ Nd7 37. Kf2 b3 38. Rb1 c4 39. Ke3 d5 0-1

[Event "Championnat de France - Open B"]
[Site "Pau"]
[Date "2008.08.13"]
[Round "2.8"]
[White "Najart, David"]
[Black "Pantic, David"]
[Result "1-0"]
[WhiteElo "1852"]
[BlackElo "1961"]
[PlyCount "45"]

1. d4 Nf6 2. c4 e6 3. Nf3 b6 4. g3 Bb7 5. Bg2 Be7 6. O-O O-O 7. d5 exd5 8. Nh4
Ne4 9. cxd5 Nd6 10. Nf3 g6 11. Nc3 f6 12. Nd4 c5 13. Ndb5 a6 14. Nxd6 Bxd6 15.
a4 Re8 16. Ne4 Be5 17. f4 Bd4+ 18. e3 Bxd5 19. Nxf6+ Qxf6 20. Bxd5+ Kh8 21.
Bxa8 Rxe3 22. Bxe3 Bxe3+ 23. Kh1 1-0

[Event "Championnat de France - Open B"]
[Site "Pau"]
[Date "2008.08.13"]
[Round "2.9"]
[White "Robert-Dehault, Etienne"]
[Black "Coste, Roman"]
[Result "1/2-1/2"]
[WhiteElo "1960"]
[BlackElo "1875"]
[PlyCount "88"]

1. d4 d5 2. c4 e6 3. Nc3 Nf6 4. cxd5 exd5 5. Bg5 Be7 6. e3 c6 7. Bd3 Ne4 8. Bf4
Bg4 9. Nge2 O-O 10. O-O Re8 11. Qc2 Bf5 12. f3 Nxc3 13. bxc3 Bxd3 14. Qxd3 Bd6
15. e4 Bxf4 16. Nxf4 Qd6 17. e5 Qh6 18. Ne2 Nd7 19. f4 f6 20. Rf3 g6 21. Raf1
f5 22. Rh3 Qf8 23. c4 Nb6 24. cxd5 Nxd5 25. Qb3 Qf7 26. Nc3 Rad8 27. Rb1 Nxc3
28. Qxf7+ Kxf7 29. Rxb7+ Ke6 30. Rxc3 Kd5 31. Rxa7 Kxd4 32. Rxc6 Ke3 33. g3 Kf3
34. Ra3+ Kg4 35. Rc2 Rd1+ 36. Kg2 Red8 37. h3+ Kh5 38. Re3 Ra1 39. e6 Rdd1 40.
e7 h6 41. e8=Q Rg1+ 42. Kf3 Raf1+ 43. Ke2 Rg2+ 44. Kxf1 Rf2+ 1/2-1/2

[Event "Championnat de France - Open B"]
[Site "Pau"]
[Date "2008.08.13"]
[Round "2.10"]
[White "Graton, Tanguy"]
[Black "Mestdagh, Franck"]
[Result "1/2-1/2"]
[WhiteElo "1844"]
[BlackElo "1957"]
[PlyCount "136"]

1. e4 c5 2. Nf3 d6 3. b3 Nf6 4. e5 dxe5 5. Nxe5 Qd4 6. Bb5+ Nbd7 7. Nxd7 Bxd7
8. Bxd7+ Qxd7 9. Bb2 Qc6 10. O-O e6 11. d3 Be7 12. Nd2 O-O 13. Qe2 Rad8 14. Nf3
Nd7 15. d4 Bf6 16. c4 a6 17. Rfd1 Qc7 18. Rac1 cxd4 19. Bxd4 Qf4 20. Be3 Qc7
21. b4 Nb8 22. Nd4 Rd7 23. Nb3 Rfd8 24. Rxd7 Nxd7 25. c5 Nb8 26. Na5 Nc6 27.
Nxc6 Qxc6 28. Qc2 Qd5 29. Kf1 h6 30. a4 Kf8 31. c6 bxc6 32. Qxc6 Qd3+ 33. Ke1
Bb2 34. Qc5+ Kg8 35. Qc4 Bxc1 36. Qxd3 Rxd3 37. Bxc1 Rb3 38. Bd2 Kf8 39. Kd1
Rd3 40. Kc2 Rd5 41. Bc3 g6 42. Kb3 Ke8 43. Kc4 Kd7 44. Bg7 h5 45. Bf8 Kc6 46.
Bc5 Rg5 47. b5+ axb5+ 48. axb5+ Kb7 49. g3 Rd5 50. h4 Rd1 51. Be3 e5 52. Kb4 f5
53. Kc4 Kc7 54. Kc5 Rb1 55. Kc4 Rb2 56. b6+ Kc6 57. Kc3 Rxb6 58. Bxb6 Kxb6 59.
Kb4 Kc6 60. Kc4 Kd6 61. Kc3 f4 62. gxf4 Kd5 63. Kd3 exf4 64. f3 Ke5 65. Ke2 Kf5
66. Kf2 g5 67. hxg5 Kxg5 68. Kg2 h4 1/2-1/2

[Event "Championnat de France - Open B"]
[Site "Pau"]
[Date "2008.08.15"]
[Round "3.1"]
[White "Ferrier, David"]
[Black "Charbonnel, Jean-Jacques"]
[Result "1/2-1/2"]
[WhiteElo "1978"]
[BlackElo "1929"]
[PlyCount "97"]

1. e4 c5 2. b3 d6 3. Bb2 Nc6 4. Bb5 Bd7 5. Bxc6 Bxc6 6. d3 e6 7. Nd2 Nf6 8. f4
Be7 9. Qe2 d5 10. Ngf3 b5 11. Ne5 Bb7 12. a4 a6 13. O-O O-O 14. Ng4 Rc8 15.
axb5 axb5 16. c4 bxc4 17. bxc4 Nxg4 18. Qxg4 Bf6 19. e5 Be7 20. cxd5 Qxd5 21.
Ne4 Qxd3 22. Nf6+ Kh8 23. Rfd1 Qg6 24. Qxg6 hxg6 25. Rd7 gxf6 26. exf6 Bd8 27.
Rxb7 Rc7 28. Rb8 Rd7 29. Rc1 c4 30. Kf1 Kg8 31. Rxc4 Ba5 32. Rxf8+ Kxf8 33. Bc3
Bb6 34. Rc6 Bc7 35. Be5 Ba5 36. Ra6 Bd8 37. Ke2 Ke8 38. g4 Rd5 39. h4 Ra5 40.
Rxa5 Bxa5 41. Bd6 Bd8 42. Be5 Kf8 43. Kd3 Ba5 44. Ke4 Bb4 45. Bc7 Kg8 46. Bd8
Kh7 47. f5 exf5+ 48. gxf5 Be1 49. fxg6+ 1/2-1/2

[Event "Championnat de France - Open B"]
[Site "Pau"]
[Date "2008.08.15"]
[Round "3.2"]
[White "Leroux, Mathieu"]
[Black "Fantinel, Thibault"]
[Result "1/2-1/2"]
[WhiteElo "1970"]
[BlackElo "1908"]
[PlyCount "81"]

1. e4 c5 2. Nc3 Nc6 3. g3 g6 4. Bg2 Bg7 5. d3 d6 6. Nge2 e6 7. O-O Nge7 8. f4
O-O 9. Be3 Nd4 10. Qd2 Rb8 11. Nd1 Nxe2+ 12. Qxe2 b5 13. Qf2 Bb7 14. c3 f5 15.
e5 Bxg2 16. Kxg2 Nd5 17. exd6 Nxe3+ 18. Nxe3 Qxd6 19. Rad1 e5 20. fxe5 Bxe5 21.
Qf3 Rbd8 22. d4 cxd4 23. Nc2 Qc5 24. Nxd4 Bxd4 25. Rxd4 Rxd4 26. cxd4 Qxd4 27.
Qb3+ Kh8 28. Qxb5 Qe4+ 29. Kh3 g5 30. Qa6 g4+ 31. Kh4 Qe7+ 32. Kh5 Rf6 33. Qc8+
Kg7 34. Rxf5 Rh6+ 35. Kxg4 Qe2+ 36. Kf4 Qf2+ 37. Kg4 Rg6+ 38. Kh3 Rh6+ 39. Kg4
Qe2+ 40. Kf4 Qf2+ 41. Kg4 1/2-1/2

[Event "Championnat de France - Open B"]
[Site "Pau"]
[Date "2008.08.15"]
[Round "3.3"]
[White "Barre, Yann"]
[Black "De Seroux, Camille"]
[Result "0-1"]
[WhiteElo "1963"]
[BlackElo "1898"]
[PlyCount "42"]

1. d4 Nf6 2. c4 g6 3. Nc3 Bg7 4. e4 d6 5. Be2 O-O 6. Bg5 Nbd7 7. Qd2 c6 8. h4
h5 9. f3 a6 10. g4 b5 11. gxh5 Nxh5 12. Nh3 Re8 13. O-O-O Qa5 14. b3 Nb6 15.
Qb2 c5 16. Be3 bxc4 17. Bxc4 Nxc4 18. bxc4 Be6 19. Nd5 Bxd5 20. exd5 Rab8 21.
Bd2 Qa4 0-1

[Event "Championnat de France - Open B"]
[Site "Pau"]
[Date "2008.08.15"]
[Round "3.4"]
[White "Sauvan, Olivier"]
[Black "Sola, Flavien"]
[Result "1-0"]
[WhiteElo "1956"]
[BlackElo "1895"]
[PlyCount "79"]

1. d4 c5 2. d5 e5 3. c4 d6 4. Nc3 Be7 5. e4 Bg5 6. Nf3 Bxc1 7. Qxc1 Bg4 8. Be2
Bxf3 9. Bxf3 a6 10. O-O Ne7 11. Rb1 O-O 12. b4 Nd7 13. Na4 b6 14. Qc2 Qc7 15.
Rfc1 g6 16. Bg4 f5 17. Bh3 Rab8 18. a3 Kg7 19. Nb2 h6 20. Nd1 fxe4 21. Bxd7
Qxd7 22. Qxe4 Rf4 23. Qe2 cxb4 24. Rxb4 b5 25. a4 Nxd5 26. Rbb1 Nc7 27. Ne3 b4
28. Rd1 Ne6 29. Nc2 Rxc4 30. Qxc4 a5 31. Qd5 Rb6 32. Qxe5+ dxe5 33. Rxd7+ Kf6
34. Ra7 b3 35. Ne3 Rb8 36. Rxa5 Nd4 37. Ng4+ Kg7 38. Ra7+ Kf8 39. Nxe5 b2 40.
Nd3 1-0

[Event "Championnat de France - Open B"]
[Site "Pau"]
[Date "2008.08.15"]
[Round "3.5"]
[White "Rihouey, Franck"]
[Black "Wagner, Bruno"]
[Result "0-1"]
[WhiteElo "1896"]
[BlackElo "1956"]
[PlyCount "58"]

1. e4 e5 2. f4 exf4 3. Be2 Be7 4. d4 Bh4+ 5. Kf1 Nf6 6. Nc3 d5 7. e5 Ne4 8.
Nxe4 dxe4 9. Bxf4 f6 10. Bc4 Bg5 11. Bxg5 fxg5 12. g3 Nc6 13. c3 b5 14. Bb3
Rf8+ 15. Ke1 g6 16. Qe2 Bb7 17. Qxb5 Rb8 18. Ne2 Ba8 19. Qa4 Qd7 20. e6 Qe7 21.
d5 Qf6 22. dxc6 Qf2+ 23. Kd1 Rd8+ 24. Kc1 Qe3+ 25. Kb1 Qxe2 26. Qc4 Qxc4 27.
Bxc4 Rf2 28. Rf1 Rxf1+ 29. Bxf1 Rd1+ 0-1

[Event "Championnat de France - Open B"]
[Site "Pau"]
[Date "2008.08.15"]
[Round "3.6"]
[White "Marcelin, Philippe"]
[Black "Najart, David"]
[Result "0-1"]
[WhiteElo "1940"]
[BlackElo "1852"]
[PlyCount "78"]

1. d4 Nf6 2. c4 g6 3. Nc3 Bg7 4. e4 d6 5. h3 O-O 6. Nf3 e5 7. d5 Nh5 8. Nh2 a5
9. Be2 Nf4 10. Bf3 Nd7 11. Be3 Nc5 12. Bxc5 dxc5 13. Nf1 Qe7 14. Ne3 Rd8 15. h4
Ne6 16. h5 Nd4 17. hxg6 fxg6 18. Bg4 Bxg4 19. Qxg4 Rf8 20. Qg3 Qf7 21. O-O Rae8
22. Rae1 Bh6 23. Nb5 Bf4 24. Qh3 Kg7 25. Rd1 Rd8 26. b3 c6 27. dxc6 bxc6 28.
Nc3 Qe7 29. Ng4 h5 30. Nh2 Rd6 31. Na4 Rdf6 32. Rd3 Bxh2+ 33. Kxh2 Rxf2 34.
Rxf2 Rxf2 35. Rg3 Rf4 36. Qc8 Rxe4 37. Qa8 Qh4+ 38. Rh3 Nf3+ 39. gxf3 Re2+ 0-1

[Event "Championnat de France - Open B"]
[Site "Pau"]
[Date "2008.08.15"]
[Round "3.7"]
[White "Cabanes, Kim"]
[Black "Prodhomme, Adrien"]
[Result "1-0"]
[WhiteElo "1934"]
[BlackElo "1831"]
[PlyCount "61"]

1. e4 c5 2. Nf3 d6 3. c3 Nf6 4. h3 Bd7 5. Bd3 g6 6. O-O Bg7 7. Bc2 Nc6 8. d4
cxd4 9. cxd4 Nb4 10. Bb3 O-O 11. Nc3 Ne8 12. Bg5 Nc7 13. Qd2 Kh8 14. d5 f6 15.
Bh6 Nba6 16. Bxg7+ Kxg7 17. Rae1 Nc5 18. Bc2 Nb5 19. Ne2 Re8 20. b4 Na6 21. a4
Nbc7 22. Rd1 e5 23. dxe6 Rxe6 24. Nf4 Re7 25. Qxd6 Ne8 26. Qd4 Qc8 27. Bb3 b5
28. a5 Bc6 29. Bd5 Qd7 30. Rc1 Rd8 31. Rxc6 1-0

[Event "Championnat de France - Open B"]
[Site "Pau"]
[Date "2008.08.15"]
[Round "3.8"]
[White "Giry, Jean-Marc"]
[Black "Macarry, Elodie"]
[Result "1-0"]
[WhiteElo "1934"]
[BlackElo "1809"]
[PlyCount "75"]

1. c4 c6 2. g3 Nf6 3. Bg2 d5 4. d4 dxc4 5. Nf3 Nbd7 6. O-O g6 7. Qc2 Nb6 8. e4
Bg7 9. h3 O-O 10. Na3 h6 11. Be3 Be6 12. Rfd1 Nbd7 13. Nh4 Nb6 14. Nf3 Ne8 15.
Ne5 Nc7 16. Naxc4 Nxc4 17. Nxc4 Qd7 18. Ne5 Qc8 19. Kh2 Kh7 20. Nd3 Na6 21. Nf4
Bd7 22. Rac1 e5 23. dxe5 Bxe5 24. Rd2 Be6 25. Nxe6 Qxe6 26. a3 Rfe8 27. Rcd1 b6
28. f4 Bc7 29. e5 Rac8 30. Qxc6 Qb3 31. Qd5 Qxd5 32. Bxd5 Nb8 33. Bxf7 Re7 34.
Bb3 Rf8 35. Rc1 g5 36. Rdc2 Bd8 37. Rc8 Nd7 38. Rd1 1-0

[Event "Championnat de France - Open B"]
[Site "Pau"]
[Date "2008.08.15"]
[Round "3.9"]
[White "Marks, Edwin"]
[Black "Gacogne, Charlie"]
[Result "1/2-1/2"]
[WhiteElo "1888"]
[BlackElo "1933"]
[PlyCount "78"]

1. d4 d6 2. Nf3 Nf6 3. c4 Nbd7 4. Nc3 e5 5. e4 Be7 6. Be2 O-O 7. O-O c6 8. h3
Re8 9. Be3 Bf8 10. d5 c5 11. Nd2 g6 12. a3 Be7 13. b4 b6 14. Qc2 Kg7 15. Nb3
Rf8 16. Rab1 Ne8 17. Bg4 Bg5 18. f4 Bxf4 19. Bxf4 exf4 20. Rxf4 Ne5 21. Bxc8
Rxc8 22. bxc5 dxc5 23. Nd2 Nd6 24. Nb5 Nxb5 25. Rxb5 Qg5 26. Rf2 Rc7 27. Qc3
Kg8 28. Rb1 Re7 29. Re1 Rd8 30. Rfe2 Rd6 31. Nf3 Nxf3+ 32. Qxf3 Qe5 33. Qd3 Kg7
34. Re3 h6 35. Qc3 Qxc3 36. Rxc3 Kf6 37. Kf2 Ke5 38. Ke3 f5 39. Kf3 f4 1/2-1/2

[Event "Championnat de France - Open B"]
[Site "Pau"]
[Date "2008.08.15"]
[Round "3.10"]
[White "Cruz, Jean"]
[Black "Pokee, Anne"]
[Result "0-1"]
[WhiteElo "1864"]
[BlackElo "1996"]
[PlyCount "114"]

1. d4 d5 2. f3 Bf5 3. Nc3 Nf6 4. g4 Bg6 5. g5 Nh5 6. e4 e6 7. Be3 Be7 8. Qd2 f6
9. Nh3 c6 10. Be2 Nd7 11. Rg1 f5 12. e5 Bf7 13. O-O-O g6 14. f4 Ng7 15. Nf2 Qa5
16. Kb1 Nb6 17. Nce4 Qxd2 18. Nxd2 Rc8 19. Nb3 Nd7 20. c4 dxc4 21. Bxc4 Nb6 22.
Rc1 O-O 23. Nd3 Nxc4 24. Rxc4 Rfd8 25. Na5 Rc7 26. b4 Be8 27. a4 Rdc8 28. Rgc1
a6 29. R1c2 Bd8 30. Nb2 b6 31. Nb3 Be7 32. b5 axb5 33. axb5 Bd8 34. bxc6 Bxc6
35. Nd2 Ne8 36. Bf2 Be7 37. h3 b5 38. R4c3 Bb4 39. Rb3 Bxd2 40. Rxd2 Be4+ 41.
Nd3 Rc3 42. Kb2 Rxb3+ 43. Kxb3 Ng7 44. Nc5 Bd5+ 45. Kb4 Bc4 46. Nb7 Ne8 47. Rc2
Nc7 48. Bg3 Nd5+ 49. Ka3 Ra8+ 50. Kb2 Ra2+ 51. Kc1 Ra3 52. Bh2 Nb4 53. Rd2 Ra1+
54. Kb2 Ra2+ 55. Kc1 Nd3+ 56. Kd1 Ra1+ 57. Ke2 Nc5+ 0-1